| 000 | 00604cam a22002171a 4500 | ||
|---|---|---|---|
| 001 | sa 68017375 | ||
| 003 | DLC | ||
| 005 | 20260227112702.0 | ||
| 008 | 840105m19679999io 000 0 ind | ||
| 010 | _asa 68017375 | ||
| 035 | _a(OCoLC)10268036 | ||
| 040 |
_aDLC _cOAU _dDLC |
||
| 042 | _apremarc | ||
| 050 | 0 | 0 |
_aHF5549 _b.M3345 |
| 100 | 1 | _aMaskun, Sumitro. | |
| 245 | 1 | 0 |
_aPrinsip-prinsip administrasi kepegawaian / _cSoemitro Maskoen. |
| 260 |
_aBandung : _bAkademi Pemenrintahan Dalam Negeri, _c1967- |
||
| 300 |
_a v. ; _c28 cm. |
||
| 500 | _aCover title. | ||
| 650 | 0 | _aPersonnel management. | |
| 999 |
_c87688 _d87688 |
||